| 000 | 00451nam a2200169Ia 4500 | ||
|---|---|---|---|
| 003 | SGT | ||
| 020 | _a9788120304994 | ||
| 082 |
_a5.43 _bKER |
||
| 100 | _aKernighan,Brian W | ||
| 245 | 4 | _aThe UNIX programming environment | |
| 260 |
_bPHI Learning Private Limited _aNew Delhi _c1984 |
||
| 300 | _a537p. | ||
| 650 | _aCOMPUTER SCIENCE | ||
| 653 | _aUNIX FOR BEGINNERS, THE FILE SYSTEM USING THE SHELL,FILERS | ||
| 700 | _aPike,Rob | ||
| 942 |
_2ddc _cBK |
||
| 999 |
_c5004 _d5004 |
||